LIBRARY & INFORMATION CENTRE, KCAET, TAVANUR

ONLINE PUBLIC ACCESS CATALOGUE (OPAC)

Relative efficiency evaluation of drip and conventional methods of irrigation in ashgourd and cucumber (Record no. 15318)

MARC details
000 -LEADER
fixed length control field 00402nam a22001217a 4500
082 ## - DEWEY DECIMAL CLASSIFICATION NUMBER
Classification number 631.7
Item number SHE/RE
100 ## - MAIN ENTRY--AUTHOR NAME
Personal name SHEEJA A. ANDEZHATHU
245 ## - TITLE STATEMENT
Title Relative efficiency evaluation of drip and conventional methods of irrigation in ashgourd and cucumber
260 ## - PUBLICATION, DISTRIBUTION, ETC. (IMPRINT)
Place of publication Tavanur
Name of publisher Kelappaji College of Agricultural Engineering and Technology
Year of publication 1989
300 ## - PHYSICAL DESCRIPTION
Number of Pages 109
500 ## - GENERAL NOTE
General note Thesis
942 ## - ADDED ENTRY ELEMENTS (KOHA)
Koha item type Theses
Holdings
Withdrawn status Lost status Damaged status Home library Current library Date acquired Full call number Accession Number Koha item type Public note
      KAUAET KAUAET 03/03/2018 631.7 SHE/RE 16531 Theses M.Tech Thesis
free website counter